00647nam a2200181Ia 4500952013600000999001700136003000400153005001700157008004100174020001800215040000900233082002100242100002400263245007400287260004600361300001000407942004800417 00102ddc40708PHYSICSaMESbMEScPHYd2019-02-20g650.00l0o531.11330 BAN/Tp38986r2019-02-20 00:00:00w2019-02-20yBKzGL12R5 c32465d32465OSt20200904135409.0190216s9999||||xx |||||||||||||| ||und|| a9788131808153 coclc a531.11330bBAN/T aBansal, Raj K94092 0aA Textbook Of Fluid Mechanics And Hydraulic, Machines /cRaj K Bansal bLaxmi Publication Ltd,c2015.aBengaluru: a1102p cBK2ddch531.11330iBAN/Tk531.11330mBAN/T